| 000 | 00399nam a2200133Ia 4500 | ||
|---|---|---|---|
| 008 | 170516s9999 xx 000 0 und d | ||
| 245 | 4 | _aThe Invasion and Reproductive Toxicity of QDs-Transferrin Bioconjugates on Preantral Follicle in vitro | |
| 260 | _bTheranostics | ||
| 260 | _c2012 | ||
| 300 | _a2:7 | ||
| 650 | _xMedical Technology | ||
| 650 | _xMedtech | ||
| 856 | _uhttp://www.thno.org/v2i7 | ||
| 999 |
_c330835 _d330835 |
||